Os pioneiros do Oeste (Registo nº 2125)

Detalhes MARC
000 -Etiqueta do registo
Cabeçalho 00621nam a22002291 4500
005 - Identificador da versão
Campo de controlo 20240813121925.0
095 ## -
-- PTBN00939280
100 ## - Dados gerais de processamento
Dados gerais de processamento 19981011d1986 m y0pory5003 ba
102 ## - Pais de publicação ou produção
País de publicação Portugal
101 1# - Língua de publicação
Língua do texto, banda sonora, etc. Português
Língua do documento no original Francês
215 ## - Descrição física 
Indicação específica da natureza do documento e extensão da espécie 162 p.
Outras indicações físicas il.
Dimensões 19 cm
200 1# - Titulo e menção de responsabilidade
Título próprio Os pioneiros do Oeste
Primeira menção de responsabilidade Jean-Louis Rieupeyrout
225 2# - Colecção 
Título próprio da colecção Vida no passado
Indicação de volume 2
210 ## - Publicação, Distribuição, etc. 
Lugar da edição, distribuição, etc. Lisboa
Nome do editor, distribuidor, etc. Verbo
Data da publicação, distribuição, etc. imp. 1986
606 ## - Nome comum usado como assunto
Número de registo de entrada de autoridade 0000880
Palavra de ordem Geografia humana
Subdivisão de assunto Povoados
675 ## - Classificação Decimal Universal (CDU)
Notação 911.37
Edição
Língua da edição por
700 #1 - Nome de autor-pessoa física (responsabilidade principal)
Número de registo de entrada de autoridade 0000882
Palavra de ordem Rieupeyrout
Outra parte do nome não tomada para palavra de ordem Jean Louis
942 ## - Elementos de entrada adicionados (Koha)
Tipo de item no Koha Livro
Exemplares
Situação do levantamento Origin of item (home branch) (coded) Biblioteca de empréstimo Código de barras Cota Circulation type (not for loan) Tipo de documento Nota do exemplar Damaged status
  Biblioteca Escolar da Coca Maravilhas Biblioteca Escolar da Coca Maravilhas BECM3593/98 9GEO RIE   Livro Sem mensagem